01814 a2200301 45000010006000000050017000060080041000230030015000640400040000790800121001192450088002400200022003282640034003503000019003845050755004030410008011581000029011667000027011957000032012227000027012547000030012817000022013117000018013337000021013517000023013727000022013958560095014175704620260407155833.0260407a2021 arg spa dAR-UNSa-BCEJYS aAR-UNSa-BCEJYSbspacAR-UNSa-BCEJYS a342.7xDerechos fundamentales. Derechos humanos. Derechos y deberes de los ciudadanos (Derecho a la Salud, vivienda)10aUn análisis de la doctrina del control de convencionalidadpDoctrina y práctica a978-987-730-698-9 1aResistencia :bConTextoc2021 a149 p.c22 cm. aCapítulo I: 1. Punto de partida – 2. Introduciéndonos en la problemática. Un fundamento cuestionable – 3. El marco convencional – 4. Las opiniones consultivas y la extensión del desborde – 5. Las recomendaciones de la Comisión Interamericana – Capitulo II: 1. Explorando las causas de los desbordes interpretativos – 2. La (inadecuada) concepción interpretativa del control de convencionalidad – Capitulo III: 1. Acción y reacción – 2. El fallo Misterio y la discusión “sistema convencional vs. Sistema de integración” – 3. El margen de apreciación nacional – 4. Teoría de la identidad constitucional y de los contralimites – 5. Críticas y críticas a las críticas – Capitulo IV: Conclusiones  aspa1 aColombo Murúa, Ignacio1 aGómez Diez, Martín1 aRodríguez Rufino, Cecilia1 aLeake, María Cecilia1 aGuzmán Coraita, Gonzalo1 aOrozco, Joaquìn1 aCuello, Lucas1 aLamagni, Luciano1 aMárquez, Mariana1 aZorpudes, Mariano41uhttps://biblioeco.unsa.edu.ar/pmb/images/libros/L128670.jpgyImagen de portadaqimage/jpeg